The English Civil War Song Lyrics - Statistics

General Stats
  • This quiz has been taken 21 times
  • The average score is 33 of 60
Answer Stats
Lyrics % Correct
I am the {king}
100%
Start up a {war}
86%
We are the {Roundheads}
86%
But we'll be {back}
79%
We're the {Cavalier} crew
79%
Hurrah now the King's {dead}
71%
I'll also scrap theatre, {music} and sport
71%
I'm the king, I'll just close {parliament} down
71%
Keep the {music} down heads
71%
The Roundheads have {won}
71%
We've taken Charles {prisoner}
71%
Charles {head} roundhead
64%
Got a {French} wife
64%
If I get to power {Christmas} will be banned
64%
I'm the {leader} of the pack
64%
Love civil wars to be {fought} on this land
64%
No chance {Cromwell}
64%
Oh law! Really King Charles, we're not quite {sure}
64%
She's a {Catholic}
64%
Supporting {King Charles} and everything that he'll do
64%
You pathetic war will finish before it's even {begun}
64%
Insolence is that how you talk to the {crown}
57%
That's what you {think}
57%
That's why we {started} the English Civil War
57%
{Victory} three cheers
57%
{Victory} will be mine
57%
We don't want {Kings} no more
57%
Why is it call {civil}?
57%
Calivers. Roundheads. The {English Civil War}
50%
Cavaliers in {tears}
50%
Dull but {fair}
50%
Especially when explaining {Parliamentary Democracy}
50%
{God save the King}
50%
Here's what we say to that. Now {clean up} this mess
50%
I can do what I {like}
50%
I think you'll find that's in breach of {due process}
50%
It's really a {crime}
50%
May I {kill} you please? {Sure}!
50%
Or a big {tax hike}
50%
People say we're {no fun}, but we disagree
50%
Cavaliers three cheers, your {superiors}
43%
Cuts out {partying time}
43%
Just wait til your {caught}
43%
No {power} for years
43%
{Parliament's} our thing
43%
Roundheads, {soundheads}
43%
Roundheads, {soundheads}
43%
That's enough {dullness}
43%
Unfair? {Don't care}!
43%
We live to {boogie} with our peers
43%
We're the toffs who cry {Hear Hear} and
43%
Witches should be {drowned} heads
43%
You'll never pass a ban on {mince pies} and mulled wine
43%
Don't believe in {crowned heads}
36%
Instead a {righteous} track
36%
When your {parliamentary business}
36%
Cavaliers three cheers, wackier {head gears}
29%
{Rules and regulations} lead
29%
Sins {binned}
29%
{Purtians} bore us
21%
No matching quizzes found
Score Distribution
Percent of People with Each Score
Percentile by Number Answered
Your Score History
You have not taken this quiz